Normal view
MARC view
- Hostetter, G. H.,
Entry Personal Name
001 - CONTROL NUMBER
- control field: 114031
003 - CONTROL NUMBER IDENTIFIER
- control field: NUST
005 - DATE AND TIME OF LATEST TRANSACTION
- control field: 20230808125433.0
008 - FIXED-LENGTH DATA ELEMENTS
- fixed length control field: 230808|| aca||aabn | a|a d
040 ## - CATALOGING SOURCE
- Original cataloging agency: NUST
- Transcribing agency: NUST
100 ## - HEADING--PERSONAL NAME
- Personal name: Hostetter, G. H.,
- Dates associated with a name: 1939-
670 ## - SOURCE DATA FOUND
- Source citation: Work cat.: (NUST)183910: Stefani,T. Raymond 114030, Design of feedback control systems / , c1994.
